Lyhimmät Euroopan valtioiden nimet - Statistics

Yleistilastot
  • Tätä visaa on pelattu 2 461 kertaa
  • Keskiarvotulos 6 / 6
Vastaustilastot
Valtio % Oikein
Viro
98%
Norja
96%
Suomi
96%
Saksa
93%
Puola
90%
Malta
85%
Ehtoja vastaavia visoja ei löytynyt
Tulosjakauma
Jokaisen tuloksen saaneiden osuus
Persentiili vastausten määrän mukaan
Tuloshistoriasi
Et ole pelannut tätä visaa